Antarctic Glaicers Sudden Death - Statistics

General Stats
  • This quiz has been taken 35 times
  • The average score is 2 of 6
Answers on the Grid
Answers color-coded by a green-red scale on the quiz's grid according to % correct below.
Thwaites Glacier
Siachen Glacier
Pine Island Glacier
Minnesota Glacier
Malaspina Glacier
Lambert Glacier
Jakobshavn Glacier
Fox Glacier
Donjek Glacier
Columbia Glacier
Byrd Glacier
Beardmore Glacier
 
Answer Stats
Answer % Correct
Thwaites Glacier
63%
Lambert Glacier
50%
Beardmore Glacier
38%
Byrd Glacier
38%
Pine Island Glacier
25%
Minnesota Glacier
13%
No matching quizzes found
Score Distribution
Percent of People with Each Score
Percentile by Number Answered
Your Score History
You have not taken this quiz